000 00610nam a2200241Ia 4500
003 OSt
005 20221005131444.0
006 a|||||r|||| 00| 0
007 ta
008 221004b |||||||| |||| 00| 0 tam d
024 _a49253
037 _cTextual
040 _aCRL
_cCRL
_btam
041 _2tam
_atam
082 _aO31,2N12:g, M7
100 _aRaveendran Au.
_9639621
245 0 _aSonmugam nadagangal
260 _c1987
650 _a TAMIL LITERATURE
650 _aTAMIL DRAMA
_9192671
942 _hO31,2N12:g, M7
_cTEXL
_2cc
999 _c1060387
_d1060387